Consumption tax trends 2014 VAT/GST and excise rates, trends and policy issues

Salvato in:
Dettagli Bibliografici
Natura: Libro
Lingua:inglese
Pubblicazione: Paris OECD 2014
Soggetti:
Tags: Aggiungi Tag
Nessun Tag, puoi essere il primo ad aggiungerne!!

MARC

LEADER 00000nam$a2200000$$$4500
001 0197820
005 20240315120457.1
020 |a 978-92-64-22393-6 
041 0 |a eng 
044 |a FR 
245 1 0 |a Consumption tax trends 2014  |b VAT/GST and excise rates, trends and policy issues 
264 1 |a Paris  |b OECD  |c 2014 
300 |a 176 s. 
610 2 0 |a dane z hodnoty pridanej 
610 2 0 |a tovar 
610 2 0 |a služby 
610 2 0 |a dane spotrebné 
610 2 0 |a dane z vozidiel motorových 
610 2 0 |a emisie 
610 2 0 |a údaje štatistické 
610 2 0 |a porovnanie štatistické medzinárodné